Statistics for Countries by Picture

Click here to take the quiz!

General Stats

  • This quiz has been taken 24 times
  • The average score is 9 of 15

Answer Stats

Answer% Correct
Italy
100%
Mexico
95%
Cuba
91%
North Korea
91%
Japan
86%
South Korea
82%
Cambodia
77%
China
59%
Sudan
55%
Tanzania
55%
India
41%
Iran
23%
Somalia
18%
Colombia
14%
Pakistan
14%

Score Distribution

Percentile by Number Answered

Percent of People with Each Score

Your Score History

You have not taken this quiz